Communes les plus peuplées des départements d'Occitanie - Statistiques

Statistiques générales
  • Ce quiz a été pris 270 fois
  • Le résultat moyen est 31 sur 65
Statistiques - réponses
% Correct
Haute-Garonne #1 Toulouse 498 003
97%
Hérault #1 Montpellier 299 096
96%
Aude #2 Carcassonne 46 673
94%
Gard #1 Nîmes 147 496
93%
Pyrénées-Orientales #1 Perpignan 118 032
93%
Tarn #1 Albi 49 094
91%
Aude #1 Narbonne 56 123
88%
Aveyron #1 Rodez 24 397
87%
Hautes-Pyrénées #1 Tarbes 42 925
87%
Ariège #2 Foix 9 515
86%
Tarn-et-Garonne #1 Montauban 61 677
86%
Hérault #2 Béziers 78 683
85%
Gers #1 Auch 22 518
84%
Lozère #1 Mende 12 336
83%
Lot #1 Cahors 20 159
80%
Hérault #3 Sète 44 576
80%
Tarn #2 Castres 42 394
79%
Aveyron #2 Millau 21 482
79%
Gard #2 Alès 42 867
77%
Haute-Garonne #4 Blagnac 26 101
71%
Ariège #1 Pamiers 15 938
69%
Hautes-Pyrénées #2 Lourdes 13 247
64%
Hérault #4 Agde 29 201
63%
Haute-Garonne #5 Muret 24 762
59%
Pyrénées-Orientales #5 Argelès-sur-Mer 10 593
56%
Haute-Garonne #2 Colomiers 39 866
56%
Lot #2 Figeac 9 784
51%
Aveyron #4 Villefranche-de-Rouergue 11 681
49%
Aude #3 Castelnaudary 12 467
48%
Haute-Garonne #3 Tournefeuille 28 763
48%
Gers #3 Condom 6 478
46%
Hérault #5 Lunel 26 356
46%
Aude #5 Limoux 10 161
41%
Tarn #3 Gaillac 15 245
40%
Ariège #3 Saint-Girons 6 415
40%
Tarn-et-Garonne #2 Castelsarrasin 14 131
37%
Pyrénées-Orientales #2 Canet-en-Roussillon 12 653
34%
Lot #3 Gourdon 3 959
32%
Tarn-et-Garonne #3 Moissac 13 738
31%
Aveyron #5 Saint-Affrique 8 018
30%
Hautes-Pyrénées #4 Bagnères-de-Bigorre 7 034
29%
Lozère #2 Marvejols 4 713
29%
Aveyron #3 Onet-le-Château 11 797
28%
Hautes-Pyrénées #5 Lannemezan 5 803
26%
Aude #4 Lézignan-Corbières 11 112
26%
Gers #2 L'Isle-Jourdain 9 227
26%
Gard #3 Bagnols-sur-Cèze 18 072
25%
Tarn #4 Graulhet 12 914
25%
Pyrénées-Orientales #4 Saint-Cyprien 11 048
25%
Gard #4 Beaucaire 15 659
23%
Tarn #5 Lavaur 10 820
23%
Lozère #3 Saint-Chély-d'Apcher 4 220
23%
Gard #5 Saint-Gilles 14 197
21%
Tarn-et-Garonne #4 Caussade 6 819
18%
Gers #4 Fleurance 5 890
17%
Lozère #4 Langogne 2 875
15%
Pyrénées-Orientales #3 Saint-Estève 11 642
13%
Tarn-et-Garonne #5 Montech 6 669
12%
Ariège #5 Saverdun 4 815
12%
Lot #5 Gramat 3 480
11%
Gers #5 Eauze 3 998
10%
Hautes-Pyrénées #3 Aureilhan 7 932
8%
Lot #4 Pradines 3 578
6%
Lozère #5 Peyre en Aubrac 2 295
3%
Ariège #4 Lavalenet 6 052
2%
Aucun quiz correspondant
Distribution des résultats
% des personnes avec chaque résultat
Percentile par nombre de réponses
Votre historique - résultats
Vous n’avez pas pris ce quiz